Couleur dans les titres de chansons - Statistiques

Statistiques générales
  • Ce quiz a été pris 215 fois
  • Le résultat moyen est 16 sur 24
Statistiques - réponses
Interprète Chanson % Correct
Édith Piaf La Vie en {rose}
100%
Jeanne Mas En {rouge} et noir
90%
Michael Jackson {Black} or White
89%
Eddy Mitchell Couleur {menthe} à l'eau
88%
Michel Berger Le Paradis {blanc}
85%
Barbara L’Aigle {noir}
84%
Christophe Les mots {bleus}
82%
Johnny Hallyday {Noir} c’est {noir}
80%
Amy Winehouse Back to {Black}
79%
Bernard Lavilliers Idées {noires}
75%
Prince {Purple} Rain
75%
Charles Aznavour Plus {bleu} que tes yeux
73%
Indochine Tes yeux {noirs}
66%
The Beatles {Yellow} Submarine
66%
Eiffel 65 {Blue} (Da Ba Dee)
65%
The Rolling Stones Paint It, {Black}
62%
Berthe Sylva Les Roses {blanches}
60%
Jean-Jacques Goldman Entre {gris} clair et {gris} foncé
56%
Serge Lama Les Ballons {rouges}
56%
Isabelle Adjani Pull {marine}
48%
Serge Gainsbourg Couleur {café}
47%
Renaud Banlieue {rouge}
43%
Chris Isaak {Blue} Hotel
42%
Lynda Lemay Les Souliers {verts}
38%
Aucun quiz correspondant
Distribution des résultats
% des personnes avec chaque résultat
Percentile par nombre de réponses
Votre historique - résultats
Vous n’avez pas pris ce quiz